01627cam a22003495a 4500003000900000005001700009008004100026017001600067020001500083040004600098043001200144082002600156100005400182245013300236264008700369300003000456336002600486337003500512338002900547490003600576504006300612541001800675590003000693651011500723651010000838653002100938655002400959942003000983999001701013952012201030952012501152EG-ScBUE20211025131846.0090726s2003 ua f b 000 0 ara d a2003 / 1168 a9770186112 a EG-ScBUEbaraerdad EG-ScBUEc EG-ScBUE af-ua---04a962.052bع ر ب2221 aعرب، محمد صابر، eمؤلف.91377410aهجوم على القصر الملكي :b4 فبراير 1942 في الحياة المصرية /cد. محمد صابر عرب. 1aالقاهرة :bالهيئة المصرية العامة للكتاب،c2003. a493 صفحة ؛c22 سم. 2rdacontentaنصbtxt 2rdamediaaبدون وسيطbn 2rdacarrieraمجلدbnc0 aالأعمال الفكرية aيشتمل على إرجاعات ببليوجرافية. cإهداء. areham yahia doaa mohamed 7a‪مصرxتاريخy‪العصر الحديثyالاحتلال البريطانى (1882-1956 م.).2BUEsh 7a‪مصرxتاريخy‪العصر الحديثy‪الملك فاروق (1936-1952).2BUEsh cAugust2015bGGEN vReading book934232 2ddccBBk962.052 ع ر ب c12408d12408 00102ddc40708Alef-BaaaMAINbMAINc2NDd2010-05-02epurchaseo962.052 ع ربp000030618r2025-07-15 00:00:00yBB 00102ddc40708Donation-GaMAINbMAINc2NDd2021-10-25eDonationo962.052 ع ر بp000017707r2025-07-15 00:00:00yBB